000 00302nam a22001337a 4500
008 170407b xxu||||| |||| 00| 0 eng d
020 _a0781703018
041 _aeng
080 _a616
100 _a9
101 _aSHM
245 _aCELLULAR AND MOLECULAR PATHOGENESIS
_cSIRICA, A.E
942 _2udc
_cBK
999 _c10192
_d10192